书目信息 |
| 题名: |
统一战线与文化出版
|
|
| 作者: | 李庆 著 | |
| 分册: | ||
| 出版信息: | 北京 华文出版社 2010.12 |
|
| 页数: | 289页 | |
| 开本: | 20cm | |
| 丛书名: | ||
| 单 册: | ||
| 中图分类: | D613-53 | |
| 科图分类: | ||
| 主题词: | 政治--中国 | |
| 电子资源: | ||
| ISBN: | 978-7-5075-3393-4 | |
| 000 | 00572nam0 2200193 450 | |
| 001 | 1137851863 | |
| 005 | 20111231103208.34 | |
| 010 | @a978-7-5075-3393-4@dCNY26.00 | |
| 100 | @a20111231d2010 km y0chiy0120 ea | |
| 101 | 0 | @achi |
| 102 | @aCN@b110000 | |
| 200 | 1 | @a统一战线与文化出版@Atong yi zhan xian yu wen hua chu ban@f李庆著@Fli qing zhu |
| 210 | @a北京@c华文出版社@d2010.12 | |
| 215 | @a289页@d20cm | |
| 606 | 0 | @a政治@x中国 |
| 690 | @aD613-53@v4 | |
| 701 | 0 | @a李庆@Ali qing@4著 |
| 801 | 0 | @aCN@b大连网信软件有限公司图书馆·11@c20111231 |
| 905 | @aZUCC@dD613-53@eL232 | |
| 统一战线与文化出版/李庆著.-北京:华文出版社,2010.12 |
| 289页;20cm |
| ISBN 978-7-5075-3393-4:CNY26.00 |
| ● |
| 相关链接 |
|
|
|
正题名:统一战线与文化出版
索取号:D613-53/L232
 
预约/预借
| 序号 | 登录号 | 条形码 | 馆藏地/架位号 | 状态 | 备注 |
| 1 | 467393 | 204673932 | 社科库509/509社科库 72排2列6层/ [索取号:D613-53/L232] | 在馆 | |
| 2 | 467394 | 204673941 | 社科库509/509社科库 72排2列6层/ [索取号:D613-53/L232] | 在馆 | |
| 3 | 467395 | 204673950 | 社科库509/509社科库 72排2列6层/ [索取号:D613-53/L232] | 在馆 |